000 00301 a2200097 4500
001 ART_26484
005 20260410161933.0
008 260409a
245 1 0 _aPreparación previa al ingreso de los funcionarios públicos
773 0 _tInforme
_g- Año II, Nº 18 (dic. 1970)
_wREV23765
999 _c28792
_d28792